Car-Deer Collisions Quiz Stats

 Plays Quiz Updated Nov 8, 2016

Also try: Car Logos
Challenge
Share
Tweet
Embed
Score 0/10 Timer 02:00
3 Plays Today
Rank State % Correct
5Montana
79%
7North Dakota
75.3%
3Michigan
74.1%
4South Dakota
74.1%
10Minnesota
69.9%
8Wisconsin
67.5%
2Iowa
61.7%
6Pennsylvania
56.5%
1West Virginia
39.8%
9Arkansas
34.1%

You're not logged in!

Compare scores with friends on all Sporcle quizzes.
Join for Free
OR
Log In

You Might Also Like...

Show Comments

Extras

Top Quizzes Today


Score Distribution

Your Account Isn't Verified!

In order to create a playlist on Sporcle, you need to verify the email address you used during registration. Go to your Sporcle Settings to finish the process.

Report this User

Report this user for behavior that violates our Community Guidelines.

Details: